[Event "Najdorf Memorial 12th"]
[Site "Buenos Aires"]
[Date "2001.09.09"]
[Round "6"]
[White "Milos, Gilberto"]
[Black "Short, Nigel D"]
[Result "0-1"]
[WhiteElo "2614"]
[BlackElo "2664"]
[Annotator "Hecht,H"]
[PlyCount "116"]
[EventDate "2001.09.04"]
[EventType "tourn"]
[EventRounds "9"]
[EventCountry "ARG"]
[EventCategory "14"]
[SourceTitle "CBM 085"]
[Source "ChessBase"]
[SourceDate "2001.11.13"]
[SourceVersion "1"]
[SourceVersionDate "2001.11.13"]
[SourceQuality "1"]

1. e4 e6 2. d4 d5 3. e5 c5 4. c3 Bd7 5. Nf3 Qb6 6. Be2 Nc6 7. O-O Nge7 8. Na3
cxd4 9. cxd4 Ng6 10. Nc2 Be7 11. Bd3 O-O 12. Qe2 a5 13. h4 f6 14. exf6 Bxf6 15.
h5 Nge7 16. Bg5 Rae8 17. h6 Nf5 18. Bxf5 exf5 19. Qd2 Re4 20. Rfe1 gxh6 21.
Bxh6 Rfe8 22. Re3 a4 23. Rb1 Qa5 24. Qe2 Qd8 25. Re1 Ne7 26. Nb4 Qb6 27. Qd2
Qd6 28. Bg5 Bg7 29. Rxe4 fxe4 30. Bf4 Qf6 31. Ne5 Be6 32. Bg5 Qf5 33. f3 exf3
34. Nxf3 Ng6 35. Nd3 Bf7 36. Rf1 Qg4 37. Nc5 b5 38. Qd3 h6 39. Be3 Nh4 40. Nxh4
Rxe3 41. Qf5 Qxh4 42. Qxf7+ Kh8 43. Qf4 Qxf4 44. Rxf4 Re2 45. Kf1 Rxb2 46. Ne6
Rxa2 47. Rf7 Bxd4 48. Nxd4 b4 49. Rf2 Rxf2+ 50. Kxf2 {[#] Schwarz gewinnt
wegen des zusätzlichen Bauernpärchens am Königsflügel. Der weiße König kann
sich eben nicht zerreißen.} Kg7 51. Ke3 {Der König geht...} (51. Nc2 b3 52. Na3
Kf6 53. Ke3 Kf5 54. Kf3 h5 55. Nb5 b2 56. Na3 d4 57. Nb1 h4 58. Na3 d3 59. Nb1
d2 60. Ke2 Kf4 61. Kxd2 Kg3 {... wäre die trübe Folge, wenn er bleibt.}) 51...
Kf6 52. Kd2 Kg5 53. Ne6+ Kg4 54. Nc5 a3 55. Kc2 Kg3 56. Kb3 Kxg2 57. Nd3 Kf3 ({
oder auch} 57... h5 58. Nf4+ Kf3 59. Nxh5 d4 $19) 58. Nxb4 h5 0-1

[Event "Boavista Masters"]
[Site "Porto"]
[Date "1999.12.31"]
[Round "5"]
[White "Rocha, Sergio MC"]
[Black "Spraggett, Kevin"]
[Result "1/2-1/2"]
[WhiteElo "2427"]
[BlackElo "2521"]
[Annotator "Hecht,H"]
[PlyCount "80"]
[EventDate "1999.12.27"]
[EventType "tourn"]
[EventRounds "9"]
[EventCountry "POR"]
[EventCategory "9"]
[SourceTitle "CBM 075"]
[Source "ChessBase"]
[SourceDate "2000.04.05"]
[SourceVersion "1"]
[SourceVersionDate "2000.04.05"]
[SourceQuality "1"]

1. e4 c5 2. c3 e6 3. d4 d5 4. e5 Nc6 5. Nf3 Qb6 6. a3 Nh6 7. b4 cxd4 8. cxd4
Nf5 9. Bb2 Bd7 10. g4 Nfe7 11. Rg1 h5 12. h3 hxg4 13. hxg4 Rc8 14. Nc3 Na5 15.
Na4 Qc6 16. Nc5 Nc4 17. Qb3 b6 18. Nxd7 Qxd7 19. Bc1 Ng6 20. Bd3 Nh4 21. Nxh4
Rxh4 22. Bg5 Rh3 23. Ke2 Qb5 24. Rh1 Rxh1 25. Rxh1 a5 26. Rh8 axb4 27. Bd2 Kd7
28. Bxb4 Bxb4 29. Rxc8 Kxc8 30. Qxb4 Qxb4 31. axb4 b5 32. f4 Kd7 33. f5 f6 34.
Bxc4 {[#]} dxc4 {Thema: Der gedeckte Freibauer hält remis gegen zwei
verbundene.} (34... bxc4 $2 35. b5 fxe5 36. dxe5 exf5 37. gxf5 d4 38. b6 Kc6
39. e6 Kd6 40. b7 Kc7 41. e7 $18) 35. d5 $1 (35. Kd2 exf5 36. gxf5 fxe5 37.
dxe5 Kc6 38. Ke3 Kd5 39. e6 Kd6 40. Kf4 Ke7 41. Ke4 g6 42. fxg6 Kxe6 $19) 35...
exd5 36. e6+ Ke7 37. Ke3 c3 38. Kd3 d4 39. Kc2 g5 40. Kd3 Kd6 1/2-1/2

[Event "Interzonal-15"]
[Site "Manila"]
[Date "1990.??.??"]
[Round "7"]
[White "Lobron, Eric"]
[Black "Hjartarson, Johann"]
[Result "0-1"]
[WhiteElo "2535"]
[BlackElo "2520"]
[Annotator "Hjartarson,J"]
[PlyCount "76"]
[EventDate "1990.06.29"]
[EventType "swiss"]
[EventRounds "13"]
[EventCountry "PHI"]
[SourceTitle "CBM 019"]
[Source "ChessBase"]
[SourceDate "1990.12.01"]
[SourceVersion "1"]
[SourceVersionDate "1990.12.01"]
[SourceQuality "1"]

1. e4 e6 2. d4 d5 3. e5 c5 4. c3 Nc6 5. Nf3 Qb6 6. a3 c4 7. Nbd2 Na5 8. g3 Bd7
9. Bh3 (9. h4 $5) 9... Ne7 10. O-O h6 11. Ne1 O-O-O 12. Ng2 Kb8 13. Rb1 Ka8 $5
(13... Qc7 14. Ne3 (14. Qf3 $6 Be8 $10) 14... f5 $1 (14... Nc8 $6 15. f4 g6 16.
f5 $5 gxf5 17. g4 fxg4 18. Nxg4 $44)) 14. Kh1 (14. Ne3 f5 $1 $10) (14. f4 g6 {
/\ 15... Nb3 16. Nb3 Ba4}) 14... Nec6 (14... Nb3 $2 15. Nxb3 Ba4 16. Qf3) 15.
f4 g6 16. Ne3 h5 $10 17. Rf2 Ne7 18. Nf3 $2 (18. Bg2 {/\ Bf3, h3, Rh2}) 18...
Nb3 19. Bd2 Nxd2 $5 (19... Nc6 20. Be1 {/\ Bf1, h3, Rh2}) 20. Rxd2 Nc6 21. b3
cxb3 22. Rxb3 Qc7 23. c4 Na5 24. Rc3 Nxc4 $1 (24... dxc4 25. d5 $44) 25. Nxc4
dxc4 26. d5 exd5 $1 27. Bxd7 $2 (27. Rxd5 Bb4 $1 28. axb4 Bxh3 29. Rxc4 $8 Qxc4
30. Rxd8+ Rxd8 31. Qxd8+ Qc8 $17 {_|_}) 27... Qxd7 28. Rxc4 Bxa3 29. Qa1 Be7
30. Ra4 Bc5 $19 31. Qa2 d4 32. Nxd4 h4 33. Nf3 Qc6 34. Rxd8+ Rxd8 35. Qb3 h3
36. Ra1 Qe4 37. Rd1 Rxd1+ 38. Qxd1 a6 0-1

[Event "Horgen-B"]
[Site "Horgen"]
[Date "1995.??.??"]
[Round "2"]
[White "Hodgson, Julian M"]
[Black "Kindermann, Stefan"]
[Result "1/2-1/2"]
[WhiteElo "2590"]
[BlackElo "2565"]
[Annotator "King,D"]
[PlyCount "56"]
[EventDate "1995.10.??"]
[EventType "tourn"]
[EventRounds "9"]
[EventCountry "SUI"]
[EventCategory "11"]
[SourceTitle "CBM 050"]
[Source "ChessBase"]
[SourceDate "1996.02.01"]
[SourceVersion "1"]
[SourceVersionDate "1996.02.01"]
[SourceQuality "1"]

1. e4 e6 2. d4 d5 3. e5 c5 4. c3 Nc6 5. Nf3 Bd7 6. Be3 Qb6 7. Qd2 cxd4 8. cxd4
Rc8 9. Nc3 Na5 10. Bd3 Nc4 11. Bxc4 Rxc4 {Black has been able to initiate play
on the c-file quite safely, in spite of the fact that his king is languishing
in the centre of the board, and none of his kingside pieces have been
developed. A typical case inte French Defence when the central pawns have been
locked together. In fact Kindermann does not get around to castling, but
instead exchanges queens when the king is perfectly placed in the centre of
the board.} 12. O-O Ne7 13. Rac1 Nf5 14. g4 Nxe3 15. fxe3 Be7 16. b3 Rc6 17.
Na4 Qb4 18. Rxc6 Bxc6 19. Qxb4 Bxb4 20. Rc1 Ke7 21. Nc5 Rc8 22. Nd3 Ba3 23. Rc3
a5 24. Kf2 Kd7 25. Ke2 h6 26. h4 Bb5 27. Rxc8 Kxc8 28. Kd2 b6 1/2-1/2

[Event "YUG-ch"]
[Site "Podgorica"]
[Date "1996.??.??"]
[Round "8"]
[White "Ivanovic, Bozidar"]
[Black "Maksimovic, Branimir"]
[Result "1/2-1/2"]
[WhiteElo "2500"]
[BlackElo "2375"]
[Annotator "King,D"]
[PlyCount "122"]
[EventDate "1996.02.??"]
[EventType "tourn"]
[EventRounds "15"]
[EventCountry "YUG"]
[EventCategory "9"]
[SourceTitle "CBM 053"]
[Source "ChessBase"]
[SourceDate "1996.08.01"]
[SourceVersion "1"]
[SourceVersionDate "1996.08.01"]
[SourceQuality "1"]

1. e4 e6 2. d4 d5 3. e5 c5 4. c3 Nc6 5. Nf3 Qb6 6. a3 f6 7. Bd3 c4 8. Bc2 Bd7
9. O-O O-O-O 10. Nbd2 Qc7 11. Re1 Nge7 12. b3 cxb3 13. Nxb3 Ng6 14. Qe2 Be7 15.
a4 Rdf8 16. a5 Rf7 17. Ba3 Bxa3 18. Rxa3 Rhf8 19. Bxg6 hxg6 20. exf6 Rxf6 21.
Nc5 Rxf3 22. gxf3 Rh8 23. f4 Qxf4 24. f3 e5 25. Nxd7 Kxd7 26. dxe5 Ke6 $1 {
The king is a superb blockader, but normally that only applies in the endgame.
Here Black's pieces are so well placed, and White's king also not particularly
secure, that the king is actually secure on e6.} 27. Qg2 g5 28. Ra2 Rf8 29.
Qh3+ Qf5 30. Qg4 Qxg4+ 31. fxg4 Rf4 32. Rb1 Rxg4+ 33. Kf2 Rh4 34. Kg3 Rc4 35.
Ra3 Nd8 36. a6 bxa6 37. Rxa6+ Nc6 38. Ra3 Nxe5 39. Rb7 Rg4+ 40. Kf2 Rh4 41. Kg2
Rg4+ 42. Kh1 Nf3 43. Ra1 Rc4 44. Ra3 Rg4 45. Rb1 Rc4 46. Kg2 Nd2 47. Rb7 Rg4+
48. Kf2 Rh4 49. Kg3 a5 50. Rxg7 Ne4+ 51. Kg2 Rf4 52. Rxa5 Rf2+ 53. Kg1 Rc2 54.
Rg8 Rc1+ 55. Kg2 Rc2+ 56. Kf3 Rxc3+ 57. Ke2 Rc2+ 58. Ke3 Rc3+ 59. Ke2 Rc2+ 60.
Ke3 Rc3+ 61. Ke2 Rc2+ 1/2-1/2

[Event "Stara Zagora zt-A"]
[Site "Stara Zagora"]
[Date "1990.??.??"]
[Round "13"]
[White "Blatny, Pavel"]
[Black "Ghinda, Mihail Viorel"]
[Result "1-0"]
[WhiteElo "2510"]
[BlackElo "2450"]
[Annotator "Knaak,R"]
[PlyCount "77"]
[EventDate "1990.02.??"]
[EventType "tourn"]
[EventRounds "13"]
[EventCountry "BUL"]
[EventCategory "9"]
[SourceTitle "CBM 017"]
[Source "ChessBase"]
[SourceDate "1990.08.01"]
[SourceVersion "1"]
[SourceVersionDate "1990.08.01"]
[SourceQuality "1"]

1. e4 c5 2. c3 e6 3. d4 d5 4. e5 Nc6 5. Nf3 Bd7 6. Be2 Nge7 7. O-O cxd4 8. cxd4
Nf5 9. Nc3 Rc8 $1 {Ein nützlicher Abwartezug (9...Le7 10.g4!).} 10. Be3 ({RR} 
10. a3 a6 11. Be3 Be7 12. Bd3 Nxe3 13. fxe3 O-O 14. Rc1 f5 15. exf6 Bxf6 16.
Kh1 g6 17. Bb1 Bg7 18. Na4 Rc7 19. Nc5 Bc8 20. Qa4 e5 21. Ba2 Kh8 22. dxe5 Nxe5
23. Nxe5 Bxe5 24. Nd3 Rxc1 {Nunn,J-Luther,T/Hastings 1994/CBM 45/[Knaak]/1/2-1/
2 (42)}) ({RR} 10. Kh1 Qb6 11. Na4 Qa5 12. Bd2 Qd8 13. Be1 h5 14. a3 g5 {
CBM 59-8.cxd4 Nf5 9.Nc3 Rc8/Opening 1997/CBM 59/[Hansen,Cu] (14)}) 10... Be7
11. Bd3 g6 $2 {>= 11...Sxe3} 12. Rc1 O-O ({RR} 12... Na5 13. b3 a6 14. g4 Nxe3
15. fxe3 h5 16. h3 Bb4 17. Ne2 Rxc1 18. Qxc1 hxg4 19. hxg4 Bb5 20. Bxb5+ axb5
21. e4 Be7 22. Qf4 Rh7 23. Kg2 b4 24. Neg1 dxe4 25. Qxe4 Qd5 26. Qf4 g5 27. Qe3
{Maggiolo,E-Fantini,D/Panamerican-ch 1996/EXT 97/1-0 (68)}) 13. Bxf5 gxf5 14.
Bh6 Re8 15. h4 $1 $16 Bxh4 16. Qd2 Be7 17. Qf4 Kh8 18. Ng5 Rf8 19. Qh4 $1 $18
Bxg5 20. Bxg5 f6 21. Bxf6+ Rxf6 22. exf6 Qg8 23. Nb5 Qg4 24. Qh2 f4 25. Nd6 Rf8
26. Qh6 Kg8 27. f7+ Rxf7 28. Nxf7 Kxf7 29. Qxh7+ Ke8 30. Rc3 Kd8 31. Re1 a5 32.
Rf3 Kc7 33. Qh2 e5 34. dxe5 Nd4 35. Rxf4 Ne2+ 36. Rxe2 Qxe2 37. Qg3 Qxb2 38. e6
Bxe6 39. Rb4+ 1-0

[Event "Stara Zagora zt-A"]
[Site "Stara Zagora"]
[Date "1990.??.??"]
[Round "8"]
[White "Blatny, Pavel"]
[Black "Moldovan, Daniel"]
[Result "1-0"]
[WhiteElo "2510"]
[BlackElo "2335"]
[Annotator "Knaak,R"]
[PlyCount "42"]
[EventDate "1990.02.??"]
[EventType "tourn"]
[EventRounds "13"]
[EventCountry "BUL"]
[EventCategory "9"]
[SourceTitle "CBM 017"]
[Source "ChessBase"]
[SourceDate "1990.08.01"]
[SourceVersion "1"]
[SourceVersionDate "1990.08.01"]
[SourceQuality "1"]

1. e4 c5 2. c3 e6 3. d4 d5 4. e5 Nc6 5. Nf3 Nh6 6. Bd3 cxd4 7. cxd4 Nf5 8. Bxf5
exf5 9. O-O {In CBM15 habe ich eine für Weiß beeindruckende Partie mit 9.Sc3
Le6 10.h4 besprochen.} Be7 10. Nc3 g5 11. Ne1 f4 $2 {Die Verlockung für den
Lc8 war wohl zu groß.} (11... h5 $6 12. f4 $6 (12. h4 $1 gxh4 13. Be3 Be6 14.
Nd3 Qd7 15. Nf4 $16) 12... g4 $15) (11... Be6 $1 $10) 12. h4 h6 13. Qh5 $1 gxh4
(13... Nxd4 14. hxg5 Bxg5 15. Nf3 $1 $16 {>< d5,f4}) 14. Bxf4 $16 {Strategisch
ist die Partie entschieden.} Be6 15. Be3 Qd7 16. Nd3 Bg4 17. e6 $1 Bxe6 18. Bf4
O-O-O $6 19. Nb5 $18 a6 20. Ne5 Qe8 21. Nxc6 Qxc6 1-0

[Event "New York Manhattan"]
[Site "New York"]
[Date "1990.??.??"]
[Round "3"]
[White "Fishbein, Alexander"]
[Black "Kaidanov, Gregory S"]
[Result "1/2-1/2"]
[WhiteElo "2470"]
[BlackElo "2500"]
[Annotator "Knaak,R"]
[PlyCount "118"]
[EventDate "1990.04.??"]
[EventType "tourn"]
[EventRounds "9"]
[EventCountry "USA"]
[EventCategory "10"]
[SourceTitle "CBM 019"]
[Source "ChessBase"]
[SourceDate "1990.12.01"]
[SourceVersion "1"]
[SourceVersionDate "1990.12.01"]
[SourceQuality "1"]

1. e4 e6 2. d4 d5 3. e5 c5 4. c3 Nc6 5. Nf3 Nh6 6. Bd3 cxd4 7. cxd4 Nf5 8. Bxf5
exf5 9. Nc3 Be6 10. h4 h6 11. Be3 (11. Ne2) 11... Qb6 12. Qb3 $6 (12. Rb1)
12... Qxb3 13. axb3 Be7 $10 14. O-O Kd7 15. Rfc1 b6 16. Nb5 a6 17. Nd6 f6 18.
h5 Bxd6 19. exd6 Kxd6 20. Rc3 Rhc8 21. Rac1 Kd7 22. Bf4 Ne7 23. Rc7+ Kd8 24.
Bd6 Rxc7 25. Rxc7 Nc8 26. Bf4 Ra7 27. Rc3 Bf7 28. Nh4 Bxh5 29. Nxf5 Bg6 30. Ne3
Bf7 31. Nc2 Kd7 32. Nb4 Ne7 33. Bb8 Rb7 34. Bh2 a5 35. Nc2 Nc6 36. Rg3 g5 37.
Rf3 Ke6 38. Rc3 Kd7 39. Rf3 Ke7 40. Rc3 Be8 41. Ne3 Ke6 42. Ng4 Nxd4 43. Re3+
Kf7 44. Nxf6 Bb5 45. Nxd5 Rd7 46. Nc3 Bc6 47. f3 Nxb3 48. Ne4 Rd1+ 49. Kf2 Nd4
50. Nd6+ Kf8 51. Be5 Nc2 52. Rc3 Nb4 53. Kg3 Rd5 54. Nc4 Kf7 55. Bc7 Bb5 56.
Bxb6 Na2 57. Rc2 Nb4 58. Rc3 Na2 59. Rc2 Nb4 1/2-1/2

[Event "Leon"]
[Site "Leon"]
[Date "1991.??.??"]
[Round "?"]
[White "Prie, Eric"]
[Black "De la Villa Garcia, Jesus Maria"]
[Result "1-0"]
[WhiteElo "2460"]
[BlackElo "2470"]
[Annotator "Knaak,R"]
[PlyCount "69"]
[EventDate "1991.06.??"]
[EventType "tourn"]
[EventRounds "9"]
[EventCountry "ESP"]
[EventCategory "10"]
[SourceTitle "CBM 025"]
[Source "ChessBase"]
[SourceDate "1991.12.01"]
[SourceVersion "1"]
[SourceVersionDate "1991.12.01"]
[SourceQuality "1"]

1. e4 e6 2. d4 d5 3. e5 c5 4. c3 Nc6 5. Nf3 Qb6 6. a3 Nh6 7. b4 cxd4 8. cxd4
Nf5 9. Be3 $1 f6 10. Bd3 $1 {N} (10. b5 Nxe5 $1 11. dxe5 Nxe3 12. fxe3 Qxe3+
13. Qe2 Qc1+ 14. Qd1 {0,5-0,5/Romanishin-Lputian/Erevan/1988}) 10... Nxe3 (
10... fxe5 11. Bxf5 exf5 12. dxe5 $16) 11. fxe3 fxe5 $6 (11... f5 $14) (11...
Bd7 $5) 12. b5 $1 e4 (12... Na5 13. Nxe5 $16) 13. bxc6 exd3 14. Ne5 $16 bxc6
15. Qh5+ g6 16. Nxg6 hxg6 17. Qxh8 Qc7 (17... Qb2 18. O-O $18) 18. O-O Qg7 19.
Qh4 Ba6 20. Nd2 Be7 21. Qf4 Kd7 22. Nf3 Bd6 23. Ne5+ Kc7 24. Qf7+ Qxf7 25.
Rxf7+ Kb6 26. Rb1+ Ka5 27. Nxc6+ Ka4 28. Kf2 Bxa3 29. Ke1 Bc4 30. Rxa7+ Rxa7
31. Nxa7 Bd6 32. Nc8 Bc7 33. Nb6+ Ka3 34. Kd2 Ka2 35. Rb4 (35. Rb4 Ka3 36. Rxc4
dxc4 37. Nxc4+ Kb4 38. Ne5 $18) 1-0

[Event "WchT 2nd"]
[Site "Luzern"]
[Date "1989.??.??"]
[Round "3.1"]
[White "Sax, Gyula"]
[Black "Nogueiras Santiago, Jesus"]
[Result "1/2-1/2"]
[WhiteElo "2580"]
[BlackElo "2560"]
[Annotator "Knaak,R"]
[PlyCount "41"]
[EventDate "1989.10.27"]
[EventType "team-tourn"]
[EventRounds "9"]
[EventCountry "SUI"]
[SourceTitle "CBM 016"]
[Source "ChessBase"]
[SourceDate "1990.06.01"]
[SourceVersion "1"]
[SourceVersionDate "1990.06.01"]
[SourceQuality "1"]
[WhiteTeam "Hungary"]
[BlackTeam "Cuba"]
[WhiteTeamCountry "HUN"]
[BlackTeamCountry "CUB"]

1. e4 e6 2. d4 d5 3. e5 c5 4. c3 Nc6 5. Nf3 Qb6 6. a3 Bd7 7. b4 cxd4 8. cxd4
Rc8 9. Bb2 Na5 10. Nbd2 Nc4 11. Bxc4 dxc4 12. Rc1 c3 13. Bxc3 {Indem Sax die
Türme auf dem Brett läßt, scheitert nun 13...Da6 14.Se4 Lc6 wegen 15.Lb2.
Nogueiras spielt rein positionell auf den weißen Feldern und dies reicht aus
um das Gleichgewicht zu bewahren.} (13. Rxc3 Rxc3 14. Bxc3 Qa6 15. Ne4 (15. d5
Ne7 $1 {i42/322}) 15... Bc6 16. Nfd2 $13 {i44/(320)}) 13... Ne7 14. O-O Nd5 15.
Ne4 Be7 16. Bd2 O-O 17. Nc5 Bc6 18. Bg5 Qd8 19. Qd2 Nc7 20. Qe3 b6 21. Ne4
1/2-1/2

[Event "Tilburg"]
[Site "Tilburg"]
[Date "1991.??.??"]
[Round "3"]
[White "Short, Nigel D"]
[Black "Bareev, Evgeny"]
[Result "1-0"]
[WhiteElo "2660"]
[BlackElo "2680"]
[Annotator "Knaak,R"]
[PlyCount "55"]
[EventDate "1991.10.??"]
[EventType "tourn"]
[EventRounds "14"]
[EventCountry "NED"]
[EventCategory "17"]
[SourceTitle "CBM 026"]
[Source "ChessBase"]
[SourceDate "1992.02.01"]
[SourceVersion "1"]
[SourceVersionDate "1992.02.01"]
[SourceQuality "1"]

1. e4 {Anand Hansen,Cu} e6 2. d4 d5 3. e5 c5 4. Nf3 cxd4 5. Bd3 Ne7 6. O-O (6.
Bf4 {Hansen,Cu} Nd7 7. O-O Nc6 8. Nbd2 Nc5 9. Nb3 $10 {Heyken-Luther BL 1990-91
}) 6... Ng6 $5 (6... Nec6 {/\ Nd7}) (6... Nec6 {Anand} 7. Re1 Nd7 8. Bf4) 7.
Re1 Nc6 8. a3 Bd7 9. b4 Qc7 10. Qe2 Be7 11. b5 $6 Na5 $17 12. Bg5 (12. Nxd4 {
Anand} Rc8 (12... Nc4)) 12... Nc4 (12... Bxg5 $1 {Anand more accurate} 13. Nxg5
Nc4 $19) 13. Bxe7 Kxe7 14. g3 (14. a4 {Hansen,Cu}) 14... Bxb5 15. h4 (15. Nbd2
$1 {Anand} Nxd2 16. Qxd2 Bxd3 17. Qb4+ $44) 15... Rhc8 16. Nbd2 (16. h5 {
Hansen,Cu} Ngxe5 (16... Nf8 17. Nbd2 (17. h6 $5)) 17. Nxe5 Qxe5 18. Bxc4 Qxe2
19. Bxe2 Ba4 $17) 16... Nxd2 17. Qxd2 Bxd3 18. cxd3 Qc3 (18... h6 $2 19. h5 Nf8
20. Nxd4) 19. Qg5+ Kf8 20. h5 h6 21. Qg4 Ne7 22. Nxd4 Nc6 $5 (22... a6) 23. Nb5
Qxd3 24. Nd6 $132 Rc7 25. Rad1 Qa6 (25... Qc3 26. Re3 Qb2 {>< Pe5}) 26. Rxd5 $1
Rd8 $1 (26... exd5 $5 27. Nf5 (27. e6 $2 Ne5 $1 28. Rxe5 Qxd6 $19) 27... g6 $1
(27... f6 $6 28. exf6 gxf6 29. Re6 $1 Ne5 30. Qb4+ Kf7 31. Rxa6 $16) 28. hxg6
fxg6 29. Nxh6 $5 $13 (29. Qxg6 $6 Nxe5 $1 30. Qh5 Qf6 31. Rxe5 Qxe5 32. Qxh6+
Kg8 33. Qg6+ Rg7 34. Nxg7 Qxg7 35. Qe6+ Kh8 36. Qh3+ Qh7 $19) 29... Nd8 (29...
Ne7 $2 30. Qf4+ Kg7 (30... Ke8 31. Qf7+ Kd7 32. e6+ Kc6 33. Rc1+ Kb6 34. Rxc7)
31. Qf7+ Kxh6 (31... Kh8 32. Kg2) 32. Kg2 $18) (29... Nxe5 $2 30. Qf4+ $1 (30.
Rxe5 $2 Rc1+ 31. Kh2 Qf6 $17) 30... Nf7 31. Qxc7 Nxh6 32. Qe7+ Kg8 33. Re6 Qd3
(33... Nf5 34. Qd7 $1 Qd3 35. Rxg6+ Kh8 36. Rg5 Rf8 37. Rh5+ Kg8 38. Qh7#) 34.
Qg5 Nf7 (34... Kg7 35. Qf6+ Kg8 36. Re7 $18) (34... Qf5 35. Rxg6+ Kf7 36. Rg7+
$18) 35. Rxg6+ Kf8 36. Rg8#) 30. e6 Re7 (30... Qd3 $6 31. Re3 Rc1+ 32. Kh2 Qxe3
33. fxe3 Rac8 34. Qf4+ $16) 31. Qxg6 Rxe6 32. Qg8+ Ke7 33. Nf5+ $1 Kf6 (33...
Kd7 34. Qg7+ Kc8 35. Ne7+ Kb8 36. Rc1 $40) 34. Qf8+ Kg5 $13 (34... Nf7 35. Qg7+
Kxf5 36. Qxf7+ Rf6 37. Qh5#) 35. Nh4 $5 Rxe1+ 36. Kh2 {(/\ 37.f4)} Nf7 (36...
Re2 $2 37. Qg7+ Kh5 38. Kh3 Qd3 39. Qh8+ Kg5 40. f4#) (36... Qe6 37. f4+ Kh5
38. Qh8+ Qh6 $8 (38... Kg4 39. Qg7+ $18) 39. g4+ Kxh4 40. Qxh6+ Kxg4 41. Qh3+
Kxf4 42. Qg3+ Kf5 43. Qxe1 $14) 37. Qg7+ Kh5 38. Qxf7+ Kh6 39. Nf5+ Kg5 40. Nh4
Kh6 (40... Qe6 $6 41. f4+ Kh6 42. Nf5+ Qxf5 43. Qxf5 $14) (40... Re2 $2 41.
Qg7+ Kh5 42. Kh3 $18) 41. Nf5+ $10) (26... Nxe5 $19 {Hansen,Cu}) (26... Nxe5 $1
{Anand} 27. Rexe5 (27. Rdxe5 Qxd6) 27... exd5 28. Nf5 Qf6 $19) 27. Rdd1 Nxe5 $4
(27... Rcd7 28. f4 Qxa3 $13) (27... Rcd7 $19 {Hansen,Cu}) 28. Nf5 $1 (28. Nf5
Rxd1 29. Qxg7+ Ke8 30. Qg8+ Kd7 31. Rxd1+ Kc6 32. Rd6+ $18) 1-0

[Event "Prague Bohemians-A"]
[Site "Prague"]
[Date "1990.??.??"]
[Round "?"]
[White "Nun, Jiri"]
[Black "Schmittdiel, Eckhard"]
[Result "0-1"]
[WhiteElo "2445"]
[BlackElo "2455"]
[Annotator "Knaak,R"]
[PlyCount "78"]
[EventDate "1990.01.??"]
[EventType "tourn"]
[EventRounds "13"]
[EventCountry "CZE"]
[EventCategory "8"]
[SourceTitle "CBM 017"]
[Source "ChessBase"]
[SourceDate "1990.08.01"]
[SourceVersion "1"]
[SourceVersionDate "1990.08.01"]
[SourceQuality "1"]

1. e4 c5 2. c3 e6 3. d4 d5 4. e5 Nc6 5. Nf3 Qb6 6. Bd3 cxd4 7. cxd4 Bd7 8. O-O
Nxd4 9. Nbd2 Nc6 $1 (9... Ne7 10. Nxd4 Qxd4 11. Nf3 {Nun,Ji-Razuvaev,Y/Soci-A/
1989/CBM16(VC)}) 10. Nb3 Nge7 11. Be3 Qc7 12. Rc1 Ng6 13. Nc5 $6 {Verliert
einen zweiten Bauern und dafür ist die Kompensation nicht ausreichend.} Bxc5
14. Bxc5 Ngxe5 15. Re1 Rc8 16. Ba3 Nxd3 17. Qxd3 Ne5 $1 18. Rxc7 Nxd3 19. Rxc8+
Bxc8 20. Rd1 Nf4 21. g3 Ng6 22. Rc1 Kd7 23. Ng5 f6 24. Nf7 Rg8 25. Bd6 e5 26.
f4 Ke6 27. Rc7 exf4 28. gxf4 d4 29. Kf2 Nh4 30. Re7+ Kd5 31. Bb4 Nf5 32. Rc7 a6
33. Ba5 Ke6 34. Bb4 b6 35. a4 Bd7 36. b3 Rc8 37. Rxc8 Bxc8 38. Nd8+ Kd7 39. Nf7
Bb7 0-1

[Event "Ostrava"]
[Site "Ostrava"]
[Date "1991.??.??"]
[Round "8"]
[White "Nun, Jiri"]
[Black "Bashkov, Viacheslav"]
[Result "1/2-1/2"]
[WhiteElo "2430"]
[BlackElo "2470"]
[Annotator "Knaak,R"]
[PlyCount "64"]
[EventDate "1991.09.??"]
[EventType "tourn"]
[EventRounds "9"]
[EventCountry "CZE"]
[EventCategory "9"]
[SourceTitle "CBM 026"]
[Source "ChessBase"]
[SourceDate "1992.02.01"]
[SourceVersion "1"]
[SourceVersionDate "1992.02.01"]
[SourceQuality "1"]

1. e4 c5 2. c3 e6 3. d4 d5 4. e5 Nc6 5. Nf3 Bd7 6. Bd3 cxd4 7. cxd4 Qb6 8. O-O
Nxd4 9. Nbd2 {Patent von Nun.} Nc6 10. Nb3 Qc7 (10... Nge7 $1 11. Be3 Qc7 12.
Rc1 Ng6 13. Nc5 Bxc5 14. Bxc5 Ngxe5 15. Re1 Rc8 16. Ba3 $6 Nxd3 17. Qxd3 Ne5 $1
18. Rxc7 Nxd3 $17 {Nun,Ji-Schmittdiel,E/Prague Bohemians-A/1990}) 11. Bf4 Nge7
12. Rc1 Ng6 13. Bg3 Qb6 14. h4 $1 h5 15. Bxg6 fxg6 16. Bf4 $44 Be7 17. Be3 Qd8
18. Nc5 O-O 19. Nxb7 Qb8 20. Nc5 Bxc5 21. Bxc5 Rf5 22. Nd4 Nxd4 23. Bxd4 Bb5
24. Re1 Qe8 25. Qd2 Qe7 26. g3 g5 27. Bc5 Qd8 28. Qb4 Qe8 29. hxg5 Rxg5 30. Be7
Rg4 31. Qc5 Bd3 32. Qc6 Kf7 1/2-1/2

[Event "Bern op"]
[Site "Bern"]
[Date "1992.??.??"]
[Round "3"]
[White "Hort, Vlastimil"]
[Black "Tukmakov, Vladimir B"]
[Result "1/2-1/2"]
[WhiteElo "2560"]
[BlackElo "2535"]
[Annotator "Knaak,R"]
[PlyCount "91"]
[EventDate "1992.02.??"]
[EventType "swiss"]
[EventRounds "9"]
[EventCountry "SUI"]
[SourceTitle "CBM 028"]
[Source "ChessBase"]
[SourceDate "1992.06.01"]
[SourceVersion "1"]
[SourceVersionDate "1992.06.01"]
[SourceQuality "1"]

1. e4 e6 2. d4 d5 3. e5 c5 4. c3 Nc6 5. Nf3 Bd7 6. Be2 Nge7 7. O-O cxd4 8. cxd4
Nf5 9. Nc3 Be7 $6 (9... Rc8) (9... a6 $5) 10. g4 $1 $14 Nh4 11. Nxh4 Bxh4 12.
Be3 O-O 13. f4 Be7 $2 (13... f6 14. exf6 Bxf6 15. Rc1 g6 16. Qd2 Bg7 {
Nunn-Anand/Munich/1991/i51/260} 17. Na4 $1 $14 {Nunn}) 14. Bd3 f6 15. Qc2 $1 h6
(15... g6 $2 16. Bxg6 hxg6 17. Qxg6+ Kh8 18. Rf3 $18) 16. Qg2 $16 Be8 17. Rad1
fxe5 18. fxe5 Bf7 19. Rf3 Bg5 20. Bf2 $1 Kh8 21. Rf1 Bg8 22. Rxf8 Qxf8 23. h4
$18 Bd8 24. Be3 Qe7 25. g5 Bb6 26. Qf2 Bh7 27. g6 Bg8 28. Nb5 Rd8 29. Bg5 $1
Qd7 (29... hxg5 30. Qf3 $18) 30. Be3 Qe7 31. Bg5 Qd7 32. Qf4 $1 a6 33. Bf6 $1
gxf6 34. exf6 Bh7 35. g7+ (35. Qxh6 $18 {/\ 36.g7}) 35... Kg8 36. Qxh6 $2 (36.
f7+ $1 Kxg7 37. Qf6+ Kf8 38. Qh8+ Ke7 39. f8=Q+ Rxf8 40. Qxf8#) 36... Bf5 $1
37. Qh8+ Kf7 38. Qh5+ Kxf6 39. Qh6+ (39. Qg5+ Kf7 40. Bxf5 exf5 41. Rxf5+ Kg8
42. Qh5 Qxf5 43. Qxf5 axb5 $17) 39... Kf7 40. Bxf5 exf5 41. Nd6+ (41. Qh7 Rg8
42. Rxf5+ Ke7 43. Rf4 Qe6 $17) 41... Qxd6 42. Rxf5+ Ke7 43. Qg5+ Kd7 44. Rxd5
Bxd4+ 45. Kf1 Rg8 46. Qf5+ (46. Qf5+ Kc7 47. Rxd6 Kxd6 48. Qf8+ Ne7 49. Qf4+
Be5 50. Qb4+ Ke6 $13) 1/2-1/2